• AIU
  • Tony Wilmot Memorial Library

Classical India /. (Record no. 44443)

MARC details
000 -LEADER
fixed length control field 00658nam a22002291a 4500
001 - CONTROL NUMBER
control field 464265
005 - DATE AND TIME OF LATEST TRANSACTION
control field 20110718134253.0
008 - FIXED-LENGTH DATA ELEMENTS--GENERAL INFORMATION
fixed length control field 720810s1969 nyub 000 0 eng u
020 ## - INTERNATIONAL STANDARD BOOK NUMBER
International Standard Book Number 019500972X
035 ## - SYSTEM CONTROL NUMBER
System control number (OCoLC)ocm00377225
035 ## - SYSTEM CONTROL NUMBER
-- AII-8256
035 ## - SYSTEM CONTROL NUMBER
System control number (COLdb)70330
040 ## - CATALOGING SOURCE
Transcribing agency CIN
Modifying agency m.c.
-- IBZ
-- COLdb
245 00 - TITLE STATEMENT
Title Classical India /.
260 ## - PUBLICATION, DISTRIBUTION, ETC. (IMPRINT)
Place of publication, distribution, etc New York :
Name of publisher, distributor, etc Oxford University Press,
Date of publication, distribution, etc 1969.
300 ## - PHYSICAL DESCRIPTION
Extent xvi, 291 p. maps.
440 #0 - SERIES STATEMENT/ADDED ENTRY--TITLE
Title Readings in world history ;
Volume number/sequential designation v. 4
504 ## - BIBLIOGRAPHY, ETC. NOTE
Bibliography, etc Includes bibliographical references.
651 #0 - SUBJECT ADDED ENTRY--GEOGRAPHIC NAME
Geographic name India
General subdivision Civilization.
700 1# - ADDED ENTRY--PERSONAL NAME
Personal name McNeill, William Hardy,
Dates associated with a name 1917-
700 1# - ADDED ENTRY--PERSONAL NAME
Personal name Sedlar, Jean W.
Holdings
Withdrawn status Lost status Source of classification or shelving scheme Damaged status Not for loan Collection code Home library Current library Shelving location Date acquired Source of acquisition Cost, normal purchase price Total Checkouts Full call number Barcode Date last seen Copy number Price effective from Koha item type
    Library of Congress Classification     General Circulation AIU/NEGST - Tony Wilmot Memorial Library AIU/NEGST - Tony Wilmot Memorial Library General Stacks 05/09/2011 donation 9.95   DS 425.M33 1969 R23962J3232 09/02/2019 1 05/09/2011 Books